[Event "Czech Open-GM 2022"]
[Site "Pardubice"]
[Date "2022.07.29"]
[Round "8.39"]
[White "Kosiorek, Marek"]
[Black "Levitan, Caleb Levi"]
[Result "1/2-1/2"]
[WhiteElo "2242"]
[BlackElo "1826"]
[Annotator "TA"]
[PlyCount "113"]
[EventDate "2022.07.22"]
[EventType "swiss"]
[EventCountry "CZE"]
[SourceTitle "playchess.com"]
[Source "ChessBase"]
[SourceQuality "1"]

1. c4 e6 2. Nf3 d5 3. g3 Nf6 4. Bg2 dxc4 5. Qa4+ Nbd7 6. O-O a6 7. Qxc4 b5 8. Qc2 Bb7 9. a4 c5 10. d3 Be7 11. Nc3 Qb6 12. axb5 axb5 13. Rxa8+ Bxa8 14. Qb3 Bc6 15. Nd2 Bxg2 16. Kxg2 b4 17. Ncb1 O-O 18. Nc4 Qc6+ 19. e4 Nb6 20. Nxb6 Qxb6 21. Nd2 Rd8 22. Nc4 Qb7 23. f3 Nd7 24. Be3 Nb8 25. Rc1 Nc6 26. Kf2 Qb5 27. Ra1 h6 28. Ke2 Bf6 29. Qa4 Qb7 30. Bxc5 Qd7 31. Qd1 Ne5 32. Nxe5 Bxe5 33. d4 Bxd4 34. Bxd4 e5 35. Ra7 Qe6 36. Qc2 exd4 37. Kd3 Rc8 38. Rc7 Rxc7 39. Qxc7 Qb3+ 40. Kxd4 Qxb2+ 41. Kd3 Qb3+ 42. Ke2 Kh7 43. Qc5 g6 44. Qd5 Qc2+ 45. Kf1 Qc1+ 46. Ke2 Qb2+ 47. Qd2 Qa3 48. Qd5 Qa6+ 49. Kd2 Qf6 50. e5 Qe7 51. Kc2 Qc7+ 52. Kb1 Qa7 53. Kc2 Kg7 54. e6 fxe6 55. Qxe6 Qc5+ 56. Kd3 Qc3+ 57. Ke2 1/2-1/2

[Event "Czech Open-GM 2022"]
[Site "Pardubice"]
[Date "2022.07.29"]
[Round "8.40"]
[White "Bares, Jachym"]
[Black "Horak, Martin"]
[Result "0-1"]
[WhiteElo "2129"]
[BlackElo "2238"]
[Annotator "TA"]
[PlyCount "40"]
[EventDate "2022.07.22"]
[EventType "swiss"]
[EventCountry "CZE"]
[SourceTitle "playchess.com"]
[Source "ChessBase"]
[SourceQuality "1"]

1. e4 c5 2. Nf3 Nc6 3. d4 cxd4 4. Nxd4 g6 5. Be3 Nf6 6. Nc3 Bg7 7. Bc4 O-O 8. f3 Qb6 9. Qd2 Nxe4 10. Nxc6 Qxc6 11. Bxf7+ Rxf7 12. fxe4 Bxc3 13. Qxc3 Qxe4 14. O-O-O d6 15. Rd2 Bf5 16. Re1 Rc8 17. Qb3 a5 18. Ree2 Be6 19. Qa3 Rf1+ 20. Rd1 Rxd1+ 0-1

[Event "Czech Open-GM 2022"]
[Site "Pardubice"]
[Date "2022.07.29"]
[Round "8.41"]
[White "Czerw, Dawid"]
[Black "Johnson, Donald"]
[Result "1/2-1/2"]
[WhiteElo "2391"]
[BlackElo "2186"]
[Annotator "TA"]
[PlyCount "91"]
[EventDate "2022.07.22"]
[EventType "swiss"]
[EventCountry "CZE"]
[SourceTitle "playchess.com"]
[Source "ChessBase"]
[SourceQuality "1"]

1. e4 c5 2. Nf3 d6 3. Bb5+ Nd7 4. O-O a6 5. Bd3 Ngf6 6. Re1 e5 7. c3 Be7 8. Bc2 O-O 9. a4 Re8 10. d4 cxd4 11. cxd4 exd4 12. Nxd4 d5 13. exd5 Nxd5 14. Bxh7+ Kxh7 15. Qh5+ Kg8 16. Qxd5 Bf6 17. Rxe8+ Qxe8 18. Be3 Nb6 19. Qa5 Nc4 20. Qc3 Nxe3 21. fxe3 Bd7 22. Qd2 Bxa4 23. Nc3 Bg5 24. Re1 Rd8 25. Qf2 Bc6 26. e4 Bf6 27. Nxc6 bxc6 28. Qe2 Bxc3 29. bxc3 a5 30. Qc4 Qe6 31. Qxe6 fxe6 32. Ra1 Ra8 33. Ra4 Kf7 34. Kf2 Ke7 35. e5 Kd7 36. Ke3 Kc7 37. Kd3 Rd8+ 38. Kc2 Kb6 39. Rg4 Rd7 40. Kb3 Kb5 41. h4 Ra7 42. h5 Rf7 43. Rg6 Re7 44. Rg4 Rf7 45. Rg6 Re7 46. Rg4 1/2-1/2

[Event "Czech Open-GM 2022"]
[Site "Pardubice"]
[Date "2022.07.29"]
[Round "8.43"]
[White "Mondrzycki, Bartlomiej"]
[Black "Malek, Daniel"]
[Result "1/2-1/2"]
[WhiteElo "2180"]
[BlackElo "2355"]
[Annotator "TA"]
[PlyCount "171"]
[EventDate "2022.07.22"]
[EventType "swiss"]
[EventCountry "CZE"]
[SourceTitle "playchess.com"]
[Source "ChessBase"]
[SourceQuality "1"]

1. d4 Nf6 2. Nf3 d5 3. c3 c5 4. dxc5 e6 5. b4 a5 6. e3 axb4 7. cxb4 b6 8. Bb5+ Bd7 9. Bxd7+ Nbxd7 10. a4 bxc5 11. b5 Ra7 12. O-O Qa8 13. Bb2 Be7 14. Ne5 Nxe5 15. Bxe5 O-O 16. Nd2 Nd7 17. Bc3 e5 18. a5 d4 19. b6 dxc3 20. Nc4 Rb7 21. a6 Rxb6 22. Qxd7 Rxa6 23. Rac1 Bf6 24. Rxc3 e4 25. Rcc1 Rd8 26. Qf5 Qd5 27. Qg4 Qe6 28. Qxe6 Rxe6 29. g4 h5 30. h3 hxg4 31. hxg4 Rd5 32. Kg2 Rg5 33. f3 Bd8 34. Rcd1 Bc7 35. Rg1 Rf6 36. f4 Rxg4+ 37. Kf2 Rxg1 38. Kxg1 Kf8 39. Rd5 Rc6 40. Kg2 Ke7 41. Rg5 g6 42. Kf2 Bd6 43. Ke2 Ra6 44. Kd2 Ke6 45. Kc3 Ra1 46. Kc2 Rh1 47. Kd2 Rh5 48. Rg1 Be7 49. Kc2 g5 50. fxg5 Bxg5 51. Ra1 Rh8 52. Ra6+ Kd5 53. Kc3 Rh6 54. Nb6+ Kc6 55. Nc4+ Kd5 56. Nb6+ Ke6 57. Nc4+ Kf5 58. Ra7 Ke6 59. Ra6+ Ke7 60. Ra7+ Kf8 61. Rc7 Be7 62. Kb3 Rh1 63. Rc8+ Kg7 64. Ne5 Rh3 65. Rc7 Kf6 66. Nc4 Bf8 67. Rc6+ Kg7 68. Rc7 Rh5 69. Ka4 Kg6 70. Rc8 Bh6 71. Kb5 Rh3 72. Rc6+ f6 73. Kxc5 Bxe3+ 74. Kd5 Kg5 75. Kxe4 f5+ 76. Kd3 Kf4 77. Rf6 Bc5+ 78. Ke2 Rh2+ 79. Kd1 Ke4 80. Rf7 f4 81. Nd2+ Kd3 82. Rd7+ Bd4 83. Rxd4+ Kxd4 84. Nf3+ Ke3 85. Nxh2 f3 86. Nxf3 1/2-1/2

[Event "Czech Open-GM 2022"]
[Site "Pardubice"]
[Date "2022.07.29"]
[Round "8.44"]
[White "Sorm, Daniel"]
[Black "Winter, Ondrej"]
[Result "1/2-1/2"]
[WhiteElo "2308"]
[BlackElo "2168"]
[Annotator "TA"]
[PlyCount "118"]
[EventDate "2022.07.22"]
[EventType "swiss"]
[EventCountry "CZE"]
[SourceTitle "playchess.com"]
[Source "ChessBase"]
[SourceQuality "1"]

1. c4 c5 2. Nc3 Nc6 3. e3 Nf6 4. d4 cxd4 5. exd4 d5 6. Nf3 g6 7. cxd5 Nxd5 8. Qb3 Nxc3 9. Bc4 e6 10. bxc3 Bd7 11. Be2 Na5 12. Qc2 Rc8 13. Ne5 Qc7 14. Bd2 Bg7 15. f4 O-O 16. O-O b5 17. Rab1 a6 18. Rfc1 f6 19. Nxd7 Qxd7 20. a4 Nc4 21. Bxc4 bxc4 22. Rb6 Rc6 23. Rcb1 Rfc8 24. a5 Qd5 25. Qa2 Bf8 26. h3 Be7 27. Qa4 Bd8 28. Rxc6 Qxc6 29. Qxc6 Rxc6 30. Rb8 Rd6 31. Rc8 Kf7 32. Rxc4 Bxa5 33. Ra4 Bb6 34. Be3 a5 35. Kf1 Rd7 36. Ke2 e5 37. dxe5 Bxe3 38. Kxe3 fxe5 39. fxe5 Rd5 40. c4 Rxe5+ 41. Kd4 Ke6 42. c5 Rd5+ 43. Kc4 Rd2 44. Rxa5 Rxg2 45. Ra6+ Kd7 46. Ra7+ Kc6 47. Rxh7 Rc2+ 48. Kd4 Rxc5 49. Rh6 Rh5 50. Rxg6+ Kd7 51. Rg3 Ke6 52. Ke4 Rh4+ 53. Kf3 Kf5 54. Kg2 Ra4 55. Rf3+ Kg5 56. Kg3 Rb4 57. Ra3 Rc4 58. h4+ Kg6 59. Ra6+ Kh5 1/2-1/2

[Event "Czech Open-GM 2022"]
[Site "Pardubice"]
[Date "2022.07.30"]
[Round "9.1"]
[White "Donchenko, Alexander"]
[Black "Harsha Bharathakoti"]
[Result "1-0"]
[WhiteElo "2640"]
[BlackElo "2547"]
[Annotator "TA"]
[PlyCount "53"]
[EventDate "2022.07.22"]
[EventType "swiss"]
[EventCountry "CZE"]
[SourceTitle "playchess.com"]
[Source "ChessBase"]
[SourceQuality "1"]

1. Nf3 Nf6 2. c4 c5 3. Nc3 e6 4. e3 b6 5. d4 cxd4 6. exd4 Bb7 7. Bd3 Be7 8. O-O d5 9. cxd5 Nxd5 10. Ne5 O-O 11. Qg4 Nf6 12. Qh4 Nc6 13. Bg5 Nxe5 14. Bxf6 Nxd3 15. Bxe7 Qc7 16. Bxf8 Rxf8 17. d5 exd5 18. Rad1 Nxb2 19. Nxd5 Bxd5 20. Rxd5 a6 21. Qd4 Nc4 22. Rd1 h6 23. h4 b5 24. Rd8 Rxd8 25. Qxd8+ Qxd8 26. Rxd8+ Kh7 27. Ra8 1-0

[Event "Czech Open-GM 2022"]
[Site "Pardubice"]
[Date "2022.07.30"]
[Round "9.2"]
[White "Moksh Amit Doshi"]
[Black "Stocek, Jiri"]
[Result "1/2-1/2"]
[WhiteElo "2409"]
[BlackElo "2548"]
[Annotator "TA"]
[PlyCount "55"]
[EventDate "2022.07.22"]
[EventType "swiss"]
[EventCountry "CZE"]
[SourceTitle "playchess.com"]
[Source "ChessBase"]
[SourceQuality "1"]

1. d4 Nf6 2. c4 e6 3. g3 Bb4+ 4. Bd2 a5 5. Bg2 d5 6. Nf3 O-O 7. Qc2 Be7 8. O-O c6 9. Bf4 Nbd7 10. Nbd2 Nh5 11. Be3 a4 12. Ne1 Nhf6 13. Bf4 c5 14. dxc5 Nxc5 15. Nd3 Nxd3 16. Qxd3 b6 17. Rfd1 Ba6 18. b3 Rc8 19. Be5 Bc5 20. e3 Qe7 21. Rab1 Rfd8 22. Qc3 Ne8 23. b4 Bd6 24. b5 Bb7 25. Bxd6 Qxd6 26. Qb4 a3 27. Qxd6 Nxd6 28. cxd5 1/2-1/2

[Event "Czech Open-GM 2022"]
[Site "Pardubice"]
[Date "2022.07.30"]
[Round "9.3"]
[White "Simek, Petr"]
[Black "Haring, Filip"]
[Result "0-1"]
[WhiteElo "2348"]
[BlackElo "2451"]
[Annotator "TA"]
[PlyCount "136"]
[EventDate "2022.07.22"]
[EventType "swiss"]
[EventCountry "CZE"]
[SourceTitle "playchess.com"]
[Source "ChessBase"]
[SourceQuality "1"]

1. d4 Nf6 2. c4 e6 3. Nf3 d5 4. g3 dxc4 5. Bg2 a6 6. O-O Nc6 7. e3 Rb8 8. Nfd2 e5 9. Bxc6+ bxc6 10. dxe5 Ng4 11. Nxc4 Be6 12. Nbd2 Bb4 13. b3 h5 14. h3 Bc3 15. Ba3 Bxa1 16. Qxa1 h4 17. hxg4 hxg3 18. Nf3 Qd3 19. Ncd2 Bxg4 20. e6 f6 21. Qd4 Qxd4 22. Nxd4 Rd8 23. e7 Rd5 24. fxg3 Ra5 25. Bb4 Rxa2 26. Rc1 a5 27. Bc3 Bd7 28. Rc2 Rxc2 29. Nxc2 Rh5 30. Nc4 Be6 31. Nxa5 Bd5 32. Nd4 c5 33. Ne2 Rh1+ 34. Kf2 Kxe7 35. Nc4 Rh2+ 36. Ke1 Bf3 37. Ng1 Bg4 38. Nd2 Kd7 39. Kf1 Kc6 40. Ngf3 Bh3+ 41. Ke1 Rg2 42. e4 Rxg3 43. Kf2 Rg2+ 44. Ke3 Be6 45. Nc4 Kb5 46. Na3+ Kc6 47. Nc4 Rg3 48. Ncd2 Rh3 49. Kf2 Rh1 50. Ke3 Kb5 51. Ke2 Rh5 52. Ke3 Bxb3 53. Nxb3 Kc4 54. Bxf6 gxf6 55. Nc1 Kb5 56. e5 fxe5 57. Nd3 c4 58. Ndxe5 Kb4 59. Kd2 Rh3 60. Kc2 Rg3 61. Nc6+ Kc5 62. Nce5 Kd5 63. Kc3 Rh3 64. Kc2 Rg3 65. Kd2 Rh3 66. Kc2 Rh5 67. Kc3 Rf5 68. Kc2 Rxe5 0-1

[Event "Czech Open-GM 2022"]
[Site "Pardubice"]
[Date "2022.07.30"]
[Round "9.4"]
[White "Mladek, Richard"]
[Black "Nurkiewicz, Maciej"]
[Result "1/2-1/2"]
[WhiteElo "2330"]
[BlackElo "2332"]
[Annotator "TA"]
[PlyCount "69"]
[EventDate "2022.07.22"]
[EventType "swiss"]
[EventCountry "CZE"]
[SourceTitle "playchess.com"]
[Source "ChessBase"]
[SourceQuality "1"]

1. d4 Nf6 2. c4 g6 3. Nc3 d5 4. cxd5 Nxd5 5. e4 Nxc3 6. bxc3 Bg7 7. Bc4 c5 8. Ne2 Nc6 9. Be3 O-O 10. O-O Bg4 11. f3 Bd7 12. Rb1 Qc7 13. h4 Rac8 14. Rc1 Na5 15. Bd3 b5 16. dxc5 Rfd8 17. Qc2 Nc4 18. Bxc4 bxc4 19. Rb1 e5 20. Qb2 Bf8 21. Qa3 Be6 22. Rb5 Rd3 23. Bf2 Rd2 24. Re1 Qd7 25. Rb2 Rxc5 26. Rb8 Rc8 27. Rxc8 Qxc8 28. Qxa7 Qd8 29. Kf1 h5 30. a4 Ra2 31. Bb6 Qxh4 32. Qb8 Qh1+ 33. Kf2 Qh4+ 34. Kf1 Qh1+ 35. Kf2 1/2-1/2

[Event "Czech Open-GM 2022"]
[Site "Pardubice"]
[Date "2022.07.30"]
[Round "9.5"]
[White "Dobrowolski, Piotr"]
[Black "Brodowski, Piotr"]
[Result "1/2-1/2"]
[WhiteElo "2423"]
[BlackElo "2450"]
[Annotator "TA"]
[PlyCount "66"]
[EventDate "2022.07.22"]
[EventType "swiss"]
[EventCountry "CZE"]
[SourceTitle "playchess.com"]
[Source "ChessBase"]
[SourceQuality "1"]

1. e4 g6 2. d4 Bg7 3. Nc3 a6 4. Be3 b5 5. g4 Bb7 6. Bg2 d6 7. h4 h6 8. g5 h5 9. Nge2 Nd7 10. d5 e5 11. Qd3 Ne7 12. b4 O-O 13. a4 a5 14. Nxb5 Bxd5 15. exd5 e4 16. Qd1 Bxa1 17. Qxa1 Nxd5 18. Bxe4 Nxb4 19. O-O d5 20. c3 Re8 21. Bg2 Nc2 22. Qa2 Nxe3 23. fxe3 c6 24. Nbd4 Ne5 25. Nxc6 Nxc6 26. Bxd5 Rxe3 27. Bxc6 Ra7 28. Bd5 Qb6 29. Bxf7+ Kg7 30. Nd4 Qb8 31. Bd5 Qg3+ 32. Bg2 Rae7 33. Qf2 Qxf2+ 1/2-1/2

[Event "Czech Open-GM 2022"]
[Site "Pardubice"]
[Date "2022.07.30"]
[Round "9.6"]
[White "Sorensen, Hampus"]
[Black "Noe, Christopher"]
[Result "0-1"]
[WhiteElo "2376"]
[BlackElo "2505"]
[Annotator "TA"]
[PlyCount "72"]
[EventDate "2022.07.22"]
[EventType "swiss"]
[EventCountry "CZE"]
[SourceTitle "playchess.com"]
[Source "ChessBase"]
[SourceQuality "1"]

1. e4 c6 2. d4 d5 3. e5 c5 4. Nf3 Nc6 5. dxc5 e6 6. Be3 Nh6 7. c3 Nf5 8. Bd4 Bd7 9. Bd3 Nfxd4 10. cxd4 b6 11. cxb6 Qxb6 12. Qe2 Nxd4 13. Nxd4 Bb4+ 14. Nc3 Qxd4 15. O-O O-O 16. Rfd1 Qb6 17. Rac1 Rab8 18. Nb1 Be7 19. b3 a5 20. Nd2 a4 21. Rb1 Qa5 22. Nf3 axb3 23. axb3 Rfc8 24. Nd4 g6 25. g3 Qb6 26. Nc2 Rc3 27. Ne3 Bb5 28. Rb2 Rxd3 29. Rxd3 Qa6 30. Rbd2 Bxd3 31. Qxd3 Qa1+ 32. Rd1 Qxe5 33. Rb1 h5 34. Qd1 Bc5 35. Ng2 Qe4 36. Rb2 Ra8 0-1

[Event "Czech Open-GM 2022"]
[Site "Pardubice"]
[Date "2022.07.30"]
[Round "9.7"]
[White "Bronstein, Or"]
[Black "Kusa, Jakub"]
[Result "1/2-1/2"]
[WhiteElo "2476"]
[BlackElo "2353"]
[Annotator "TA"]
[PlyCount "90"]
[EventDate "2022.07.22"]
[EventType "swiss"]
[EventCountry "CZE"]
[SourceTitle "playchess.com"]
[Source "ChessBase"]
[SourceQuality "1"]

1. d4 d5 2. c4 e6 3. Nc3 Nf6 4. cxd5 exd5 5. Bg5 c6 6. e3 Nbd7 7. Bd3 Be7 8. h3 O-O 9. Nf3 Re8 10. Qc2 Nf8 11. O-O Nh5 12. Bxe7 Qxe7 13. Rae1 g6 14. e4 dxe4 15. Rxe4 Qd8 16. Rxe8 Qxe8 17. Re1 Be6 18. Qd2 Qd8 19. a3 Qc7 20. Re5 f6 21. Re4 Re8 22. d5 cxd5 23. Nxd5 Qf7 24. Bc4 Rd8 25. Rd4 Kh8 26. a4 Ng7 27. g4 Bxd5 28. Bxd5 Qe7 29. Bc4 Nge6 30. Qe3 Rd6 31. Re4 Qd7 32. Qxa7 Rd1+ 33. Kg2 g5 34. Qb8 Kg7 35. Bb3 Rb1 36. Ne5 Qe7 37. Nd3 Qd7 38. Ne5 Qe7 39. Nd3 Qd7 40. Bc2 Ra1 41. Kh2 Qc6 42. Nb4 Qb6 43. Nd3 Qc6 44. Nb4 Qb6 45. Nd3 Qc6 1/2-1/2

[Event "Czech Open-GM 2022"]
[Site "Pardubice"]
[Date "2022.07.30"]
[Round "9.8"]
[White "Stalmach, Richard"]
[Black "Stachowiak, Kamil"]
[Result "1-0"]
[WhiteElo "2363"]
[BlackElo "2476"]
[Annotator "TA"]
[PlyCount "83"]
[EventDate "2022.07.22"]
[EventType "swiss"]
[EventCountry "CZE"]
[SourceTitle "playchess.com"]
[Source "ChessBase"]
[SourceQuality "1"]

1. d4 Nf6 2. c4 c5 3. d5 b5 4. cxb5 a6 5. bxa6 e6 6. Nc3 exd5 7. Nxd5 Be7 8. Nf3 O-O 9. Nxe7+ Qxe7 10. Bf4 d5 11. e3 Rd8 12. Be2 Bxa6 13. O-O h6 14. Bxa6 Nxa6 15. h3 Qb7 16. Qe2 Ne4 17. a3 c4 18. Nd4 Nac5 19. Nf5 Ra6 20. f3 Ng5 21. h4 Nge6 22. Be5 Rb6 23. Rab1 Nd3 24. Bc3 Ra8 25. f4 f6 26. Qg4 Kh7 27. Rf3 Qf7 28. Rg3 Rxa3 29. Nd6 f5 30. Qd1 Rxd6 31. bxa3 d4 32. exd4 Nexf4 33. d5 g6 34. Qd2 Nxd5 35. Kh1 Rd8 36. Ba1 Qe7 37. Qa5 f4 38. Rf3 Nc5 39. Re1 Qxh4+ 40. Rh3 Qf2 41. Re7+ Nxe7 42. Qxd8 1-0

[Event "Czech Open-GM 2022"]
[Site "Pardubice"]
[Date "2022.07.30"]
[Round "9.9"]
[White "Aradhya, Garg"]
[Black "Lalic, Bogdan"]
[Result "1/2-1/2"]
[WhiteElo "2229"]
[BlackElo "2412"]
[Annotator "TA"]
[PlyCount "37"]
[EventDate "2022.07.22"]
[EventType "swiss"]
[EventCountry "CZE"]
[SourceTitle "playchess.com"]
[Source "ChessBase"]
[SourceQuality "1"]

1. d4 Nf6 2. c4 g6 3. Nc3 d5 4. cxd5 Nxd5 5. e4 Nxc3 6. bxc3 Bg7 7. Nf3 c5 8. Bb5+ Nc6 9. O-O cxd4 10. cxd4 O-O 11. Be3 Bg4 12. d5 Ne5 13. Rb1 Nxf3+ 14. gxf3 Bh3 15. Re1 a6 16. Bf1 Bxf1 17. Rxf1 b5 18. f4 Rc8 19. Rc1 1/2-1/2

[Event "Czech Open-GM 2022"]
[Site "Pardubice"]
[Date "2022.07.30"]
[Round "9.10"]
[White "Soham Datar"]
[Black "Tahay, Alexis"]
[Result "0-1"]
[WhiteElo "2111"]
[BlackElo "2393"]
[Annotator "TA"]
[PlyCount "88"]
[EventDate "2022.07.22"]
[EventType "swiss"]
[EventCountry "CZE"]
[SourceTitle "playchess.com"]
[Source "ChessBase"]
[SourceQuality "1"]

1. e4 c5 2. Nf3 d6 3. d4 cxd4 4. Nxd4 Nf6 5. Nc3 a6 6. Qe2 e5 7. Nf5 d5 8. Bg5 d4 9. O-O-O Be6 10. Nd5 Nbd7 11. Kb1 Rc8 12. Qf3 Qa5 13. Bd2 Qa4 14. Bd3 Qc6 15. Rhe1 g6 16. Nxf6+ Nxf6 17. Qg3 gxf5 18. exf5 e4 19. fxe6 exd3 20. Qxd3 fxe6 21. Rxe6+ Qxe6 22. Re1 Qxe1+ 23. Bxe1 Bg7 24. g4 O-O 25. f3 Rf7 26. a4 Nd7 27. Bg3 Ne5 28. Bxe5 Bxe5 29. g5 Rcf8 30. g6 Rxf3 31. Qe4 Bg7 32. gxh7+ Kh8 33. h4 d3 34. cxd3 R3f4 35. Qxb7 Rf2 36. d4 Bxd4 37. Qxa6 Rxb2+ 38. Kc1 Bg7 39. Qc4 Rh2 40. a5 Rb8 41. Qc6 Bb2+ 42. Kd1 Bd4 43. Qg6 Rd8 44. a6 Bb2+ 0-1

[Event "Czech Open-GM 2022"]
[Site "Pardubice"]
[Date "2022.07.30"]
[Round "9.11"]
[White "Finek, Vaclav"]
[Black "Gnojek, Petr"]
[Result "1/2-1/2"]
[WhiteElo "2393"]
[BlackElo "2295"]
[Annotator "TA"]
[PlyCount "109"]
[EventDate "2022.07.22"]
[EventType "swiss"]
[EventCountry "CZE"]
[SourceTitle "playchess.com"]
[Source "ChessBase"]
[SourceQuality "1"]

1. d4 g6 2. Nf3 Bg7 3. g3 c5 4. d5 d6 5. c4 f5 6. Bg2 Nf6 7. O-O O-O 8. Nc3 Na6 9. Re1 Nc7 10. e4 fxe4 11. Ng5 b5 12. cxb5 Bb7 13. Ncxe4 Nfxd5 14. Bd2 h6 15. Nf3 Nf6 16. Nh4 Nxe4 17. Bxe4 Bxe4 18. Rxe4 Qe8 19. Bc3 g5 20. Bxg7 Kxg7 21. Qg4 Qf7 22. Nf5+ Qxf5 23. Rxe7+ Kg6 24. Qxf5+ Kxf5 25. Rxc7 Rfb8 26. Rd1 Rxb5 27. Rxd6 Rxb2 28. Rxc5+ Ke4 29. Re6+ Kd4 30. Rf5 Rxa2 31. Rxh6 a5 32. Rg6 a4 33. Rgxg5 a3 34. Kg2 Rb2 35. Ra5 Rbb8 36. Rg4+ Kc3 37. Rga4 Rxa5 38. Rxa5 Kb2 39. h4 a2 40. h5 a1=Q 41. Rxa1 Kxa1 42. g4 Kb2 43. Kf3 Kc3 44. Ke4 Re8+ 45. Kd5 Rf8 46. Ke5 Rxf2 47. g5 Rh2 48. h6 Kd3 49. Kf5 Ke3 50. g6 Rxh6 51. g7 Rh5+ 52. Kf6 Rh6+ 53. Kf7 Rh7 54. Kf8 Rxg7 55. Kxg7 1/2-1/2

[Event "Czech Open-GM 2022"]
[Site "Pardubice"]
[Date "2022.07.30"]
[Round "9.12"]
[White "Klabis, Rokas"]
[Black "Crevatin, Leo"]
[Result "1-0"]
[WhiteElo "2382"]
[BlackElo "2259"]
[Annotator "TA"]
[PlyCount "113"]
[EventDate "2022.07.22"]
[EventType "swiss"]
[EventCountry "CZE"]
[SourceTitle "playchess.com"]
[Source "ChessBase"]
[SourceQuality "1"]

1. e4 c6 2. d4 d5 3. e5 Bf5 4. h4 h5 5. Bd3 Bxd3 6. Qxd3 Qa5+ 7. Bd2 Qa6 8. e6 Qxd3 9. exf7+ Kxf7 10. cxd3 Nd7 11. Nf3 Nh6 12. Nc3 Re8 13. Bf4 Ng4 14. Be5 Ndxe5 15. dxe5 e6 16. O-O Ke7 17. Ne2 Kd7 18. Nf4 Rh6 19. d4 Be7 20. b4 b6 21. Rfb1 Rf8 22. Ne2 Rhh8 23. Rb3 Nh6 24. Rc1 Nf5 25. g3 Rb8 26. Nf4 Rh6 27. Rbc3 Rc8 28. Nd3 Rhh8 29. a4 a6 30. a5 b5 31. Kg2 Rhf8 32. Nc5+ Bxc5 33. Rxc5 Rf7 34. R5c3 Rff8 35. Rd3 Ke7 36. Nd2 Rc7 37. Nb3 Rfc8 38. Rdc3 Kf7 39. f3 Ke7 40. Kh3 Nh6 41. g4 hxg4+ 42. fxg4 Kf7 43. Rf1+ Ke7 44. Nc5 Ra7 45. Rcf3 Rh8 46. Kg3 Raa8 47. Nd3 Rac8 48. h5 Rhe8 49. Nc5 Ra8 50. Kh4 Ra7 51. Kg5 Raa8 52. Rf4 Rg8 53. Kg6 Rh8 54. Rf7+ Nxf7 55. Rxf7+ Ke8 56. Rxg7 Rd8 57. h6 1-0

[Event "Czech Open-GM 2022"]
[Site "Pardubice"]
[Date "2022.07.30"]
[Round "9.13"]
[White "Lokander, Martin"]
[Black "Sarkar, Justin"]
[Result "1/2-1/2"]
[WhiteElo "2483"]
[BlackElo "2346"]
[Annotator "TA"]
[PlyCount "59"]
[EventDate "2022.07.22"]
[EventType "swiss"]
[EventCountry "CZE"]
[SourceTitle "playchess.com"]
[Source "ChessBase"]
[SourceQuality "1"]

1. d4 d5 2. c4 dxc4 3. Nf3 c5 4. e3 cxd4 5. Bxc4 Qc7 6. Bb3 dxe3 7. Bxe3 e6 8. Nc3 Nc6 9. O-O Nf6 10. Nb5 Qa5 11. Nd6+ Bxd6 12. Qxd6 Ne4 13. Qd3 Nc5 14. Qd6 Nxb3 15. axb3 Qd8 16. Qc5 Qd5 17. Qa3 f6 18. Rfd1 Qb5 19. Qd6 Kf7 20. Qc7+ Ne7 21. Bc5 Re8 22. Rac1 Qc6 23. Ba3 Qxc7 24. Rxc7 e5 25. Rdc1 Be6 26. Rxb7 Bd5 27. Rd7 Be6 28. Rb7 Bd5 29. Rd7 Be6 30. Rb7 1/2-1/2

[Event "Czech Open-GM 2022"]
[Site "Pardubice"]
[Date "2022.07.30"]
[Round "9.14"]
[White "Hansch, Karsten"]
[Black "Livaic, Leon"]
[Result "0-1"]
[WhiteElo "2320"]
[BlackElo "2576"]
[Annotator "TA"]
[PlyCount "112"]
[EventDate "2022.07.22"]
[EventType "swiss"]
[EventCountry "CZE"]
[SourceTitle "playchess.com"]
[Source "ChessBase"]
[SourceQuality "1"]

1. e4 c5 2. Nf3 d6 3. d4 cxd4 4. Nxd4 Nf6 5. Nc3 Nc6 6. Bg5 a6 7. Qd3 Bd7 8. O-O-O Rc8 9. Nxc6 Bxc6 10. f4 e6 11. Be2 Be7 12. Bf3 Qc7 13. Kb1 O-O 14. g4 b5 15. Bxf6 Bxf6 16. Ne2 Bb7 17. g5 Be7 18. h4 Qc4 19. Nd4 Qxd3 20. Rxd3 Rc5 21. c3 Re8 22. Nb3 Rc7 23. Rhd1 h6 24. Rg1 hxg5 25. hxg5 g6 26. Nd2 Bc8 27. Nf1 e5 28. Ne3 exf4 29. Nd5 Rc5 30. Rd2 Kg7 31. Rh2 Bd8 32. Rgh1 Rg8 33. Rh7+ Kf8 34. Rg1 Bb7 35. Rh4 Bxd5 36. exd5 Rc4 37. Kc2 Kg7 38. b3 Rc7 39. Rxf4 Re8 40. Kd3 Re5 41. Rfg4 Rce7 42. Be4 Re8 43. c4 bxc4+ 44. bxc4 Bxg5 45. Rxg5 Rxe4 46. R5g3 Re2 47. R1g2 Rxg2 48. Rxg2 f5 49. c5 dxc5 50. Kc4 Kf6 51. Kxc5 f4 52. Kc6 Kf5 53. d6 g5 54. d7 Rd8 55. Kc7 Rxd7+ 56. Kxd7 g4 0-1

[Event "Czech Open-GM 2022"]
[Site "Pardubice"]
[Date "2022.07.30"]
[Round "9.15"]
[White "Savitha Shri B"]
[Black "Pantzar, Milton"]
[Result "0-1"]
[WhiteElo "2278"]
[BlackElo "2447"]
[Annotator "TA"]
[PlyCount "84"]
[EventDate "2022.07.22"]
[EventType "swiss"]
[EventCountry "CZE"]
[SourceTitle "playchess.com"]
[Source "ChessBase"]
[SourceQuality "1"]

1. e4 c6 2. d4 d5 3. Nc3 dxe4 4. Nxe4 Nf6 5. Nxf6+ exf6 6. c3 Bd6 7. Bd3 O-O 8. Qc2 Re8+ 9. Ne2 h6 10. O-O Nd7 11. Ng3 Qc7 12. Nh5 Bxh2+ 13. Kh1 Bd6 14. Bxh6 gxh6 15. Bc4 Kh8 16. Bxf7 Rf8 17. Qg6 Rxf7 18. Qxf7 Nf8 19. Qxf6+ Kh7 20. Rae1 Bg4 21. Nf4 Qd8 22. Qf7+ Kh8 23. Kg1 Qg5 24. Re4 Qf5 25. Ng6+ Nxg6 26. Re8+ Rxe8 27. Qxe8+ Kg7 28. f3 Qe6 29. Re1 Qxe8 30. Rxe8 Bf5 31. Ra8 a6 32. Ra7 Bc8 33. Ra8 Ne7 34. Kf2 Kf6 35. g4 Kg5 36. Kg2 Kf4 37. Kf2 c5 38. d5 Ke5 39. c4 Kd4 40. b3 Kd3 41. Ra7 b5 42. cxb5 axb5 0-1

[Event "Czech Open-GM 2022"]
[Site "Pardubice"]
[Date "2022.07.30"]
[Round "9.16"]
[White "Akesson, Ralf"]
[Black "Slovak, Kilian"]
[Result "1-0"]
[WhiteElo "2427"]
[BlackElo "2321"]
[Annotator "TA"]
[PlyCount "72"]
[EventDate "2022.07.22"]
[EventType "swiss"]
[EventCountry "CZE"]
[SourceTitle "playchess.com"]
[Source "ChessBase"]
[SourceQuality "1"]

1. Nf3 Nf6 2. d4 g6 3. Bg5 Bg7 4. c3 O-O 5. Nbd2 d6 6. e4 c5 7. d5 e6 8. dxe6 Bxe6 9. Bc4 Nc6 10. Bxe6 fxe6 11. O-O h6 12. Bxf6 Qxf6 13. Nc4 Rad8 14. e5 Qf4 15. Qd3 d5 16. Ncd2 Qf7 17. Rae1 Kh7 18. Re2 a6 19. Rfe1 Qf4 20. h3 Rde8 21. Qc2 b5 22. Nb3 c4 23. Nbd4 Nxd4 24. Nxd4 Qf7 25. Re3 Rg8 26. Rg3 Bh8 27. h4 h5 28. Rg5 Bg7 29. Re3 Bh6 30. Rf3 Qg7 31. Rgg3 Qxe5 32. Rf7+ Kh8 33. Rxg6 Qe1+ 34. Kh2 Qe5+ 35. g3 Rxg6 36. Qxg6 Bg7 1-0

[Event "Czech Open-GM 2022"]
[Site "Pardubice"]
[Date "2022.07.30"]
[Round "9.17"]
[White "Kokoszczynski, Jan"]
[Black "Smith, Bryan"]
[Result "1/2-1/2"]
[WhiteElo "2297"]
[BlackElo "2421"]
[Annotator "TA"]
[PlyCount "45"]
[EventDate "2022.07.22"]
[EventType "swiss"]
[EventCountry "CZE"]
[SourceTitle "playchess.com"]
[Source "ChessBase"]
[SourceQuality "1"]

1. d4 Nf6 2. c4 g6 3. Nc3 Bg7 4. e4 d6 5. Be2 O-O 6. Bg5 Na6 7. Nf3 h6 8. Be3 e5 9. O-O Qe7 10. dxe5 dxe5 11. Nd5 Qd8 12. Nxf6+ Qxf6 13. c5 Nb8 14. Qb3 Nc6 15. Rfd1 Rb8 16. Qa4 a6 17. b4 Bg4 18. Rd2 Bxf3 19. Bxf3 Nd4 20. Bxd4 exd4 21. Rd3 Rfd8 22. g3 Qe6 23. h4 1/2-1/2